000 00659nam a2200217 a 4500
001 43894
003 BD-RjUL
005 20211209053752.0
008 160628s1959 enkab b 000 0 eng
035 _a(BD-RjUL)44012
040 _aDLC
_cOrPS
_dUk
_dBD-RjUL
_beng
041 _aeng
082 _223
_a333.76
_bCHE 1959
100 1 _aChristodoulou, Demetrios
_9134881
245 1 4 _aThe evolution of the rural land use pattern in Cyprus /
_cby Demetrios Christodoulou
260 _aBude, Eng. :
_bGeographical Publications,
_c1959.
300 _a230 p. :
_bill. ;
_c28 cm.
504 _aIncludes index.
650 0 _aLand use
_zCyprus.
_9134882
942 _2ddc
_cBK
999 _c43894
_d43894